Migration theory: talking across disciplines

Guardat en:
Dades bibliogràfiques
Autors principals: Brettell, Caroline (Autor), Hollifield, James F (Autor)
Format: Llibre
Idioma:anglès
Publicat: Nueva York Routledge 2000
Matèries:
Etiquetes: Afegir etiqueta
Sense etiquetes, Sigues el primer a etiquetar aquest registre!

MARC

LEADER 00000nam a2200000 a 4500
001 UCI6235
003 CL-VaPUC
008 080425e20000000US |||||||||||||||||eng|d
020 |a 0415926114 
082 0 4 |a 304.8  |b BRE  |2 21 
100 |a Brettell, Caroline  |e author  |9 528967 
700 0 |a Hollifield, James F  |e author  |9 528966 
245 1 0 |a Migration theory: talking across disciplines 
300 |a 239 p 
942 |c BK 
945 |d 20080425 00:00:00  |a rbrito 
260 |a Nueva York  |b Routledge  |c 2000 
650 0 |a Emigraciones  |9 357680 
650 0 |a Inmigraciones  |9 383103 
650 0 |a Migraciones internacionales  |9 382209 
650 0 |a Demografía   |9 260008 
583 |a last modification  |c 20080425 00:00:00  |k Rodrigo Vera 
999 |c 329765  |d 329763 
952 |0 0  |1 0  |4 0  |6 304_800000000000000_BRE_2000  |7 0  |8 A  |9 414823  |a BIBHIS  |b BIBHIS  |d 2019-11-22  |i 4434226  |o 304.8 BRE 2000  |p 4434226  |r 2025-01-20  |w 2019-11-22  |y BK  |k HIS